000 00542nam a2200193Ia 4500
003 GCL
008 140319s9999 xx 000 0 ara d
040 _aGCL /
_cGCL
082 0 4 _a398.2
_bن ا
100 1 _aنبيلة ابراهيم
245 1 0 _aاشكال التعبير فى الادب الشعبى /
_cنبيلة ابراهيم
300 _a194 ص
490 _a
650 0 4 _aالفولكلور
650 0 4 _aالادب الشعبى
650 0 4 _aالاساطير
650 0 4 _aالامثال الشعبية
942 _2ddc
_cBK
999 _c40169
_d40169